000 00455nam a2200181Ia 4500
001 2542
005 20260306144814.0
008 260306t2010||||xx |||||||||||||| ||spa||
041 _aESP
082 _a616.8914
_bV65
100 _aVila Castellar, Jaime
_eAUT
245 0 _aTratamientos psicológicos:
_bla perspectiva experimental
260 _c2010
300 _a235 páginas :
_c24 cm.
650 _aGEN
654 _aCPS
942 _cLIB
_dJUS
_fJUS
_2ddc
_n
999 _c2542
_d2542